书目信息 |
| 题名: |
健美操
|
|
| 作者: | 左宁宁 主编 | |
| 分册: | ||
| 出版信息: | 长春 吉林出版集团有限责任公司 2010.01 |
|
| 页数: | 122页 | |
| 开本: | 21cm | |
| 丛书名: | ||
| 单 册: | ||
| 中图分类: | G831.3 | |
| 科图分类: | ||
| 主题词: | 健美操 , 健美操--基本知识 | |
| 电子资源: | ||
| ISBN: | 978-7-5463-1447-1 | |
| 000 | 00718nam0 22002411 450 | |
| 001 | 004699305 | |
| 005 | 20111229085245.34 | |
| 010 | @a978-7-5463-1447-1@dCNY8.00 | |
| 100 | @a20100723d2010 em y0chiy50 ea | |
| 101 | 0 | @achi |
| 102 | @aCN@b220000 | |
| 105 | @aa z 000yy | |
| 200 | 1 | @a健美操@9jian mei cao@f左宁宁主编 |
| 210 | @a长春@c吉林出版集团有限责任公司@d2010.01 | |
| 215 | @a122页@c图@d21cm | |
| 300 | @a全民健身项目指导用书/王月华、张颖主编 | |
| 330 | @a本书内容包括概述、运动保健、基本技术、健美操成套动作。 | |
| 606 | 0 | @a健美操 |
| 606 | 0 | @a健美操@x基本知识 |
| 690 | @aG831.3@v4 | |
| 701 | 0 | @a左宁宁@9zuo ning ning@4主编 |
| 801 | 0 | @c20111229 |
| 905 | @a郑州市财税学校图书馆@dG831.3@eZ990@f6 | |
| 健美操/左宁宁主编.-长春:吉林出版集团有限责任公司,2010.01 |
| 122页:图;21cm |
| 全民健身项目指导用书/王月华、张颖主编 |
| ISBN 978-7-5463-1447-1:CNY8.00 |
| 本书内容包括概述、运动保健、基本技术、健美操成套动作。 |
| ● |
| 相关链接 |
|
|
|
正题名:健美操
索取号:G831.3/Z990
 
预约/预借
| 序号 | 登录号 | 条形码 | 馆藏地/架位号 | 状态 | 备注 |
| 1 | 1186543 | 211865436 | 社科库409/409社科库 22排2列4层/ [索取号:G831.3/Z990] | 在馆 | |
| 2 | 1186544 | 211865445 | 社科二线422/422社科库 40排1列5层/ [索取号:G831.3/Z990] | 在馆 | |
| 3 | 1186545 | 211865454 | 社科库409/409社科库 22排2列4层/ [索取号:G831.3/Z990] | 在馆 | |
| 4 | 1192956 | 211929564 | 社科库409/409社科库 22排2列4层/ [索取号:G831.3/Z990] | 在馆 | |
| 5 | 1192957 | 211929573 | 社科二线422/422社科库 40排1列5层/ [索取号:G831.3/Z990] | 在馆 | |
| 6 | 1192958 | 211929582 | 社科库409/409社科库 22排2列4层/ [索取号:G831.3/Z990] | 在馆 |